[Event "Collado Villalba op-A 32nd"]
[Site "Collado Villalba"]
[Date "2015.08.26"]
[Round "5"]
[White "Ojosnegros Martin, Angel"]
[Black "Movilla Calleja, David"]
[Result "0-1"]
[WhiteElo "1484"]
[BlackElo "1890"]
[PlyCount "104"]
[EventDate "2015.08.22"]
[EventType "swiss"]
[EventRounds "9"]
[EventCountry "ESP"]
[SourceTitle "EXT 2016"]
[Source "ChessBase"]
[SourceDate "2015.10.08"]
[SourceVersion "1"]
[SourceVersionDate "2015.10.08"]
[SourceQuality "1"]

1. e4 e6 2. Nf3 d5 3. exd5 exd5 4. d4 Bd6 5. c4 c6 6. Bd3 Ne7 7. Bg5 0-0 8. 0-0 f6 9. Bh4 Na6 10. a3 Bf5 11. Bg3 Bxg3 12. hxg3 Bxd3 13. Qxd3 dxc4 14. Qxc4+ Qd5 15. Qc2 Rad8 16. Nc3 Qd7 17. Rad1 Nc7 18. Rfe1 Rfe8 19. Qb3+ Ncd5 20. Re4 Kf8 21. Rde1 Nxc3 22. bxc3 Nd5 23. Rxe8+ Rxe8 24. Rxe8+ Kxe8 25. c4 Ne7 26. Qe3 Kf7 27. Kf1 Nc8 28. Qf4 Kg8 29. Qe3 Nd6 30. Qb3 Qf7 31. Nd2 g6 32. a4 Kg7 33. Qd3 Qe7 34. f3 Nf5 35. Kf2 Qd6 36. Ne4 Qxd4+ 37. Qxd4 Nxd4 38. Nd6 Kf8 39. Nxb7 Ke7 40. Nc5 Ne6 41. Nd3 Kd6 42. Ke3 Nc5 43. Nb2 Nb3 44. Ke4 Kc5 45. Kd3 Kb4 46. g4 a5 47. g3 Nc5+ 48. Kd4 Nxa4 49. Nxa4 Kxa4 50. Kc3 Ka3 51. f4 Ka2 52. c5 Ka3 0-1

[Event "Collado Villalba op-A 32nd"]
[Site "Collado Villalba"]
[Date "2015.08.25"]
[Round "4"]
[White "Movilla Calleja, David"]
[Black "Palenciano Escolar, Adrian"]
[Result "0-1"]
[WhiteElo "1890"]
[BlackElo "2120"]
[PlyCount "86"]
[EventDate "2015.08.22"]
[EventType "swiss"]
[EventRounds "9"]
[EventCountry "ESP"]
[SourceTitle "EXT 2016"]
[Source "ChessBase"]
[SourceDate "2015.10.08"]
[SourceVersion "1"]
[SourceVersionDate "2015.10.08"]
[SourceQuality "1"]

1. d4 Nf6 2. Nf3 g6 3. Bf4 Bg7 4. e3 d6 5. Bd3 Nbd7 6. 0-0 Nh5 7. Bg3 Nxg3 8. hxg3 e5 9. c3 Qe7 10. Nbd2 0-0 11. Qc2 c6 12. Rae1 f5 13. Nh2 Nf6 14. dxe5 dxe5 15. e4 f4 16. gxf4 exf4 17. Ndf3 Nh5 18. e5 Ng3 19. fxg3 fxg3 20. e6 gxh2+ 21. Kxh2 Bxe6 22. Kh1 Qd6 23. b3 Bf5 24. Nd4 Bxd4 25. cxd4 Qxd4 26. Qc4+ Qd5 27. Qxd5+ cxd5 28. Bxf5 Rxf5 29. Rxf5 gxf5 30. Re5 Rd8 31. Rxf5 d4 32. Rf2 Kg7 33. Kg1 Rd7 34. Kf1 Rf7 35. Ke2 Rxf2+ 36. Kxf2 Kf6 37. Kf3 Ke5 38. a3 b6 39. g3 a6 40. a4 a5 41. g4 h6 42. Ke2 Ke4 43. Kd2 d3 0-1

[Event "Collado Villalba op-A 32nd"]
[Site "Collado Villalba"]
[Date "2015.08.24"]
[Round "3"]
[White "Pastor Alonso de Prado, Emilio Alberto"]
[Black "Movilla Calleja, David"]
[Result "1-0"]
[WhiteElo "2167"]
[BlackElo "1890"]
[PlyCount "97"]
[EventDate "2015.08.22"]
[EventType "swiss"]
[EventRounds "9"]
[EventCountry "ESP"]
[SourceTitle "EXT 2016"]
[Source "ChessBase"]
[SourceDate "2015.10.08"]
[SourceVersion "1"]
[SourceVersionDate "2015.10.08"]
[SourceQuality "1"]

1. e4 e6 2. d4 d5 3. e5 c5 4. c3 Qb6 5. Nf3 Nc6 6. Be2 Bd7 7. 0-0 Nh6 8. Bxh6 gxh6 9. Qd2 0-0-0 10. dxc5 Bxc5 11. b4 Be7 12. a4 Qc7 13. Qe3 Kb8 14. b5 Na5 15. Qxh6 Rdg8 16. Bd3 Nc4 17. Qf4 f6 18. Bxc4 dxc4 19. Nbd2 Rc8 20. Qh4 Qd8 21. exf6 Bxf6 22. Qf4+ Ka8 23. Ne4 Be7 24. Rad1 Qe8 25. Ne5 Rd8 26. Nd6 Bxd6 27. Rxd6 Bc8 28. Rfd1 Qe7 29. Nxc4 Rdf8 30. Qe4 Qf7 31. R1d2 Qg7 32. Qd4 e5 33. Nxe5 Rhg8 34. f4 Bh3 35. Rd8+ Rxd8 36. Qxd8+ Bc8 37. Qd5 h5 38. Qf7 Qxf7 39. Nxf7 Kb8 40. g3 Kc7 41. a5 Be6 42. Ne5 Rc8 43. c4 Rd8 44. Rxd8 Kxd8 45. b6 axb6 46. axb6 Ke7 47. c5 Bd5 48. Kf2 Kd8 49. f5 1-0

[Event "Collado Villalba op-B 29th"]
[Site "Collado Villalba"]
[Date "2012.08.27"]
[Round "4"]
[White "Garcia Castineira, Ivan"]
[Black "Movilla Calleja, David"]
[Result "0-1"]
[WhiteElo "1702"]
[BlackElo "1864"]
[PlyCount "80"]
[EventDate "2012.08.24"]
[EventType "swiss"]
[EventRounds "9"]
[EventCountry "ESP"]
[SourceTitle "CBM 150 Extra"]
[Source "ChessBase"]
[SourceDate "2012.10.19"]
[SourceVersion "1"]
[SourceVersionDate "2012.10.19"]
[SourceQuality "1"]

1. d4 d5 2. c4 e6 3. Nc3 Nf6 4. Bg5 Be7 5. e3 c6 6. Nf3 0-0 7. Be2 Nbd7 8. 0-0 Ne4 9. Bxe7 Qxe7 10. Qc2 f5 11. Nd2 Nxd2 12. Qxd2 Nf6 13. cxd5 exd5 14. f3 Re8 15. Rae1 Qxe3+ 16. Qxe3 Rxe3 17. Bd1 Rxe1 18. Rxe1 Kf7 19. b4 Bd7 20. Bc2 Re8 21. Re5 g6 22. a4 Be6 23. Kf2 Nd7 24. Re1 Ke7 25. Bb3 Kd6 26. g3 Nf6 27. Bc2 Bd7 28. Rxe8 Nxe8 29. Ke3 h6 30. Bd3 b6 31. h4 g5 32. Be2 c5 33. bxc5+ bxc5 34. Nb5+ Bxb5 35. Bxb5 Ng7 36. hxg5 hxg5 37. dxc5+ Kxc5 38. Kd3 Nh5 39. g4 fxg4 40. fxg4 Nf6 0-1

[Event "Collado Villalba op-B 29th"]
[Site "Collado Villalba"]
[Date "2012.08.25"]
[Round "2"]
[White "Neila Ausin, Eva"]
[Black "Movilla Calleja, David"]
[Result "1-0"]
[WhiteElo "1738"]
[BlackElo "1864"]
[PlyCount "65"]
[EventDate "2012.08.24"]
[EventType "swiss"]
[EventRounds "9"]
[EventCountry "ESP"]
[SourceTitle "CBM 150 Extra"]
[Source "ChessBase"]
[SourceDate "2012.10.19"]
[SourceVersion "1"]
[SourceVersionDate "2012.10.19"]
[SourceQuality "1"]

1. d4 d5 2. Nf3 Nf6 3. c4 e6 4. Nc3 c6 5. a4 Be7 6. Qc2 Nbd7 7. Bf4 0-0 8. e3 Nh5 9. Bg3 Nxg3 10. hxg3 g6 11. Be2 f5 12. 0-0 Nf6 13. Na2 Ne4 14. Nc1 Kg7 15. Nd3 h5 16. Nde5 Rh8 17. cxd5 exd5 18. Ne1 h4 19. g4 h3 20. N1d3 Bg5 21. Bf3 fxg4 22. Bxg4 Bxe3 23. gxh3 Bxd4 24. Kg2 Qg5 25. f4 Qh4 26. Rf3 Bf5 27. Qb3 b6 28. Rd1 c5 29. Qxd5 Bxg4 30. Nxg4 Rae8 31. Nde5 Bxe5 32. fxe5 Ng5 33. Qd7+ 1-0